Cyber Security (Запис № 443811)

МАРК-запис
000 -LEADER
fixed length control field 03287nam a22006135i 4500
001 - CONTROL NUMBER
control field 978-981-13-6621-5
003 - CONTROL NUMBER IDENTIFIER
control field DE-He213
005 - DATE AND TIME OF LATEST TRANSACTION
control field 20260304123839.0
007 - PHYSICAL DESCRIPTION FIXED FIELD--GENERAL INFORMATION
fixed length control field cr nn 008mamaa
008 - FIXED-LENGTH DATA ELEMENTS--GENERAL INFORMATION
fixed length control field 190219s2019 si | s |||| 0|eng d
020 ## - INTERNATIONAL STANDARD BOOK NUMBER
International Standard Book Number 9789811366215
-- 978-981-13-6621-5
024 7# - OTHER STANDARD IDENTIFIER
Standard number or code 10.1007/978-981-13-6621-5
Source of number or code doi
050 #4 - LIBRARY OF CONGRESS CALL NUMBER
Classification number QA76.9.A25
072 #7 - SUBJECT CATEGORY CODE
Subject category code UR
Source bicssc
072 #7 - SUBJECT CATEGORY CODE
Subject category code UTN
Source bicssc
072 #7 - SUBJECT CATEGORY CODE
Subject category code COM053000
Source bisacsh
072 #7 - SUBJECT CATEGORY CODE
Subject category code UR
Source thema
072 #7 - SUBJECT CATEGORY CODE
Subject category code UTN
Source thema
082 04 - DEWEY DECIMAL CLASSIFICATION NUMBER
Classification number 005.8
Edition number 23
245 10 - TITLE STATEMENT
Title Cyber Security
Medium [electronic resource] :
Remainder of title 15th International Annual Conference, CNCERT 2018, Beijing, China, August 14–16, 2018, Revised Selected Papers /
Statement of responsibility, etc edited by Xiaochun Yun, Weiping Wen, Bo Lang, Hanbing Yan, Li Ding, Jia Li, Yu Zhou.
250 ## - EDITION STATEMENT
Edition statement 1st ed. 2019.
264 #1 -
-- Singapore :
-- Springer Nature Singapore :
-- Imprint: Springer,
-- 2019.
300 ## - PHYSICAL DESCRIPTION
Extent X, 177 p. 80 illus., 38 illus. in color.
Other physical details online resource.
336 ## -
-- text
-- txt
-- rdacontent
337 ## -
-- computer
-- c
-- rdamedia
338 ## -
-- online resource
-- cr
-- rdacarrier
347 ## -
-- text file
-- PDF
-- rda
490 1# - SERIES STATEMENT
Series statement Communications in Computer and Information Science,
Міжнародний стандартний серійний номер для назви серії (ISSN) 1865-0937 ;
Том/ позначення послідовності 970
505 0# - FORMATTED CONTENTS NOTE
Formatted contents note Identity authentication -- mobile security -- emerging technologies -- cyber threat detection and defense.
506 0# - RESTRICTIONS ON ACCESS NOTE
Terms governing access Open Access
520 ## - SUMMARY, ETC.
Summary, etc This open access book constitutes the refereed proceedings of the 15th International Annual Conference on Cyber Security, CNCERT 2018, held in Beijing, China, in August 2018. The 14 full papers presented were carefully reviewed and selected from 53 submissions. The papers cover the following topics: emergency response, mobile internet security, IoT security, cloud security, threat intelligence analysis, vulnerability, artificial intelligence security, IPv6 risk research, cybersecurity policy and regulation research, big data analysis and industrial security.
650 #0 - SUBJECT ADDED ENTRY--TOPICAL TERM
Topical term or geographic name as entry element Data protection.
650 14 - SUBJECT ADDED ENTRY--TOPICAL TERM
Topical term or geographic name as entry element Data and Information Security.
700 1# - ADDED ENTRY--PERSONAL NAME
Personal name Yun, Xiaochun.
Relator term editor.
Relator code edt
-- http://id.loc.gov/vocabulary/relators/edt
9 (RLIN) 23376
700 1# - ADDED ENTRY--PERSONAL NAME
Personal name Wen, Weiping.
Relator term editor.
Relator code edt
-- http://id.loc.gov/vocabulary/relators/edt
9 (RLIN) 23377
700 1# - ADDED ENTRY--PERSONAL NAME
Personal name Lang, Bo.
Relator term editor.
Relator code edt
-- http://id.loc.gov/vocabulary/relators/edt
9 (RLIN) 23378
700 1# - ADDED ENTRY--PERSONAL NAME
Personal name Yan, Hanbing.
Relator term editor.
Relator code edt
-- http://id.loc.gov/vocabulary/relators/edt
9 (RLIN) 23379
700 1# - ADDED ENTRY--PERSONAL NAME
Personal name Ding, Li.
Relator term editor.
Relator code edt
-- http://id.loc.gov/vocabulary/relators/edt
9 (RLIN) 23380
700 1# - ADDED ENTRY--PERSONAL NAME
Personal name Li, Jia.
Relator term editor.
Relator code edt
-- http://id.loc.gov/vocabulary/relators/edt
9 (RLIN) 23381
700 1# - ADDED ENTRY--PERSONAL NAME
Personal name Zhou, Yu.
Relator term editor.
Relator code edt
-- http://id.loc.gov/vocabulary/relators/edt
9 (RLIN) 23382
710 2# - ADDED ENTRY--CORPORATE NAME
Corporate name or jurisdiction name as entry element SpringerLink (Online service)
773 0# - HOST ITEM ENTRY
Title Springer Nature eBook
776 08 - ADDITIONAL PHYSICAL FORM ENTRY
Display text Printed edition:
International Standard Book Number 9789811366208
776 08 - ADDITIONAL PHYSICAL FORM ENTRY
Display text Printed edition:
International Standard Book Number 9789811366222
830 #0 - SERIES ADDED ENTRY--UNIFORM TITLE
Uniform title Communications in Computer and Information Science,
-- 1865-0937 ;
Volume number/sequential designation 970
856 40 - ELECTRONIC LOCATION AND ACCESS
Uniform Resource Identifier <a href="https://doi.org/10.1007/978-981-13-6621-5">https://doi.org/10.1007/978-981-13-6621-5</a>
912 ## -
-- ZDB-2-SCS
912 ## -
-- ZDB-2-SXCS
912 ## -
-- ZDB-2-SXPS
912 ## -
-- ZDB-2-SOB

Немає доступних примірників.